• 首页
  • 本馆介绍
  • 公告通知
  • 最新文献
  • 馆藏检索
  • 电子资源
  • 读者导购
  • 参考咨询
  • 我的图书馆
  • 登录
  • 详细信息显示
  • 放入我的书架
  • 预约/预借图书
  • 作者相关作品
  • 分类相关作品
  • 丛书相关作品
  • 出版社相关作品

书目信息

  • 表格格式
  • 工作单格式
  • 卡片格式
题名:
汇编语言程序设计教程与实验
    
 
作者: 徐爱芸 , 向华 编著
分册:  
出版信息: 北京   清华大学出版社  2007
页数: 243页
开本: 26cm
丛书名: 21世纪高等学校计算机教育实用规划教材
单 册:
中图分类: TP313
科图分类:
主题词: 汇编语言--教材--高等学校--程序设计
电子资源:
ISBN: 978-7-302-14341-3
000 01281nam0 2200289 450
000 01288nam0 2200289 450
000 01220nam0 2200265 450
000 01183nam0 2200253 450
005 20070602110655.42
010    @a978-7-302-14341-3@dCNY22.00
100    @a20070321d2007 am y0chiy0120 eb
101 0  @achi
102    @aCN@b110000
105    @aa z 000yy
200 1  @a汇编语言程序设计教程与实验@AHui Bian Yu Yan Cheng Xu She Ji Jiao Cheng Yu Shi Yan@f徐爱芸,向华编著@FXu Ai Yun , Xiang Hua Bian Zhu
210    @a北京@c清华大学出版社@d2007
215    @a243页@c图@d26cm
225 2  @a21世纪高等学校计算机教育实用规划教材
300    @a本书可作为高等院校计算机及相关专业“汇编语言程序设计”课程教材,也可作为独立学院、高职高专计算机及相关专业、有关工程技术人员的教学参考书。
330    @a本书主要内容包括宏汇编语言、程序设计的基本技巧、输入j输出程序设计、32位CPu扩展功能、汇编语言上机内容与要求。 本书内容详实,叙述细腻易懂,在章节安排上南浅人深,指令介绍与指令应用紧密结合,使得知识易于理解和掌握。
410  0 @12001 @a21世纪高等学校计算机教育实用规划教材
606 0  @a汇编语言@j教材@x高等学校@x程序设计
690    @aTP313@v4
701  0 @a徐爱芸@AXu Ai Yun@4编著
701  0 @a向华@AXiang Hua@4编著
801  0 @aCN@bTAOJIN@c20070602
905    @a10447@dTP313@e22
    
    汇编语言程序设计教程与实验/徐爱芸,向华编著.-北京:清华大学出版社,2007
    243页:图;26cm.-(21世纪高等学校计算机教育实用规划教材 )
    本书可作为高等院校计算机及相关专业“汇编语言程序设计”课程教材,也可作为独立学院、高职高专计算机及相关专业、有关工程技术人员的教学参考书。
    
    ISBN 978-7-302-14341-3:CNY22.00
    本书主要内容包括宏汇编语言、程序设计的基本技巧、输入j输出程序设计、32位CPu扩展功能、汇编语言上机内容与要求。 本书内容详实,叙述细腻易懂,在章节安排上南浅人深,指令介绍与指令应用紧密结合,使得知识易于理解和掌握。
●
相关链接 在E读中查询图书 在五车中查询图书 在当当中查询图书 在豆瓣中查询图书


正题名:汇编语言程序设计教程与实验     索取号:TP313/22         预约/预借

序号 登录号 条形码 馆藏地/架位号 状态 备注
1 0524851   205248515   第二样本阅览室/ [索取号:TP313/22] 在馆    
2 0524852   205248524   第三借阅区/ [索取号:TP313/22] 在馆    
3 0524853   205248533   第三借阅区/ [索取号:TP313/22] 在馆    
4 0524854   205248542   第三借阅区/ [索取号:TP313/22] 在馆    
5 0524855   205248551   第三借阅区/ [索取号:TP313/22] 在馆    
6 0524856   205248560   第三借阅区/ [索取号:TP313/22] 在馆    
7 0524857   205248579   第三借阅区/ [索取号:TP313/22] 在馆    
8 0524858   205248588   第三借阅区/ [索取号:TP313/22] 在馆    
唐山师范学院图书馆 欢迎您!
大连网信软件有限公司© 版权所有